[Event "VIE-ch"]
[Site "Hanoi"]
[Date "2024.03.15"]
[Round "8"]
[White "Nguyen, Manh Duc"]
[Black "Nguyen, Phuoc Tam"]
[Result "0-1"]
[WhiteElo "1995"]
[BlackElo "2179"]
[PlyCount "54"]
[EventDate "2024.03.11"]
[EventType "swiss"]
[EventRounds "9"]
[EventCountry "VIE"]
[SourceTitle "CB13_2024"]
[SourceDate "2024.03.27"]
[SourceVersion "1"]
[SourceVersionDate "2024.03.27"]
[SourceQuality "1"]

1. e4 g6 2. d4 Bg7 3. Nc3 d6 4. Be3 a6 5. a4 Nf6 6. h3 0-0 7. Nf3 Nc6 8. d5 Nb4 9. Nb1 a5 10. Nbd2 c6 11. c3 Na6 12. Bxa6 Rxa6 13. Qb3 Ra8 14. 0-0 cxd5 15. exd5 Bf5 16. Rad1 Qc8 17. Rfe1 Re8 18. Bf4 h6 19. Re3 Qd7 20. Rde1 e5 21. dxe6 Bxe6 22. Qa3 Nd5 23. R3e2 Nxf4 24. Re4 Nd3 25. R1e3 Bf5 26. Rxe8+ Rxe8 27. Rxe8+ Qxe8 0-1

[Event "VIE-ch"]
[Site "Hanoi"]
[Date "2024.03.13"]
[Round "5"]
[White "Duong, Vu Anh"]
[Black "Nguyen, Phuoc Tam"]
[Result "1/2-1/2"]
[WhiteElo "1951"]
[BlackElo "2179"]
[PlyCount "51"]
[EventDate "2024.03.11"]
[EventType "swiss"]
[EventRounds "9"]
[EventCountry "VIE"]
[SourceTitle "CB13_2024"]
[SourceDate "2024.03.27"]
[SourceVersion "1"]
[SourceVersionDate "2024.03.27"]
[SourceQuality "1"]

1. c4 e6 2. Nc3 d5 3. e3 Nf6 4. Nf3 b6 5. b3 Bb7 6. Bb2 Bd6 7. Rc1 a6 8. d4 0-0 9. Bd3 Nbd7 10. 0-0 dxc4 11. bxc4 c5 12. Re1 Re8 13. Bf1 Qc7 14. g3 Rad8 15. Bg2 Bf8 16. Qb3 Ne4 17. a4 Nxc3 18. Bxc3 Be4 19. a5 Rb8 20. axb6 Qxb6 21. Qxb6 Nxb6 22. Ba5 Rec8 23. Ne5 Bxg2 24. Kxg2 f6 25. Bxb6 Rxb6 26. Nd7 1/2-1/2

[Event "VIE-ch"]
[Site "Hanoi"]
[Date "2024.03.11"]
[Round "2"]
[White "Nguyen, Xuan Phuong"]
[Black "Nguyen, Phuoc Tam"]
[Result "0-1"]
[WhiteElo "1744"]
[BlackElo "2179"]
[PlyCount "80"]
[EventDate "2024.03.11"]
[EventType "swiss"]
[EventRounds "9"]
[EventCountry "VIE"]
[SourceTitle "CB13_2024"]
[SourceDate "2024.03.27"]
[SourceVersion "1"]
[SourceVersionDate "2024.03.27"]
[SourceQuality "1"]

1. d4 Nf6 2. c4 e6 3. Nc3 Bb4 4. Qc2 b6 5. a3 Bxc3+ 6. Qxc3 Bb7 7. Nf3 d6 8. Bf4 Nbd7 9. e3 Ne4 10. Qc2 0-0 11. Bd3 f5 12. h4 Qe7 13. 0-0-0 h6 14. h5 Qf7 15. Rh3 Ndf6 16. Rdh1 Ng4 17. Rf1 Rae8 18. Bxe4 Bxe4 19. Qc3 e5 20. Bh2 exd4 21. exd4 f4 22. Ne1 Bh7 23. Bg1 Qf5 24. Nd3 Re7 25. Rd1 Nf6 26. f3 Re2 27. Rh2 Rfe8 28. Kb1 Nxh5 29. Ka2 Nf6 30. Nb4 Bg6 31. d5 Kh7 32. Nc6 Rc2 33. Qb3 Ree2 34. Nd4 Rxb2+ 35. Qxb2 Rxb2+ 36. Kxb2 Qd7 37. Ne6 Qa4 38. Rd2 Nd7 39. Rh4 Qxc4 40. Rxf4 Qf1 0-1

[Event "VIE-chT"]
[Site "Hanoi"]
[Date "2023.04.21"]
[Round "6"]
[White "Pham, Xuan Dat"]
[Black "Nguyen, Phuoc Tam"]
[Result "1-0"]
[WhiteElo "2200"]
[BlackElo "2179"]
[PlyCount "129"]
[EventDate "2023.04.18"]
[EventType "swiss"]
[EventRounds "9"]
[EventCountry "VIE"]
[SourceTitle "EXT 2024"]
[Source "ChessBase"]
[SourceDate "2023.10.10"]
[SourceVersion "1"]
[SourceVersionDate "2023.10.10"]
[SourceQuality "1"]

1. d4 g6 2. c4 Bg7 3. Nc3 d6 4. e4 Nc6 5. d5 Nd4 6. Be3 e5 7. Nge2 Nxe2 8. Bxe2 Ne7 9. 0-0 0-0 10. c5 f5 11. f3 dxc5 12. Bxc5 b6 13. Ba3 fxe4 14. Qb3 Kh8 15. fxe4 Rxf1+ 16. Rxf1 Ng8 17. Qc4 Nf6 18. b3 a5 19. Nb5 Ba6 20. Qxc7 Bxb5 21. Qxd8+ Rxd8 22. Bxb5 Nxe4 23. Bc6 Nd6 24. Bc1 Nf5 25. Bg5 Rf8 26. g4 h6 27. gxf5 hxg5 28. fxg6 Rxf1+ 29. Kxf1 Bf8 30. Kf2 Kg7 31. Be8 Kf6 32. Kf3 Bc5 33. Ke4 Bb4 34. h3 Bd6 35. g7 Kxg7 36. Kf5 Kf8 37. Bb5 g4 38. hxg4 Ke7 39. g5 Ba3 40. Kxe5 Bb2+ 41. Kf5 Bc3 42. g6 Bg7 43. Ke4 Kd6 44. Bc6 Kc7 45. Kd3 Kd6 46. a4 Kc7 47. Kc4 Kd6 48. Kb5 Bd4 49. b4 axb4 50. Kxb4 Kc7 51. Kb5 Bg7 52. Ka6 Bd4 53. Be8 Kd6 54. Bf7 Kc7 55. Bg8 Kc8 56. g7 Bxg7 57. Kxb6 Bd4+ 58. Kc6 Bc3 59. d6 Kd8 60. Bc4 Bd2 61. Ba6 Bc3 62. d7 Bd2 63. Bc8 Bc3 64. Kb5 Kc7 65. a5 1-0

[Event "VIE-chT"]
[Site "Hanoi"]
[Date "2023.04.20"]
[Round "5"]
[White "Nguyen, Phuoc Tam"]
[Black "Cao, Sang"]
[Result "1/2-1/2"]
[WhiteElo "2179"]
[BlackElo "2376"]
[PlyCount "20"]
[EventDate "2023.04.18"]
[EventType "swiss"]
[EventRounds "9"]
[EventCountry "VIE"]
[SourceTitle "EXT 2024"]
[Source "ChessBase"]
[SourceDate "2023.10.10"]
[SourceVersion "1"]
[SourceVersionDate "2023.10.10"]
[SourceQuality "1"]

1. Nf3 Nf6 2. d4 e6 3. c4 b6 4. g3 Bb7 5. Bg2 Be7 6. 0-0 0-0 7. Nc3 Na6 8. a3 Ne4 9. Qc2 Nxc3 10. Qxc3 Be4 1/2-1/2

[Event "VIE-ch"]
[Site "Vung Tau"]
[Date "2023.03.03"]
[Round "2"]
[White "Nguyen, Quoc Hy"]
[Black "Nguyen, Phuoc Tam"]
[Result "1-0"]
[WhiteElo "2352"]
[BlackElo "2185"]
[PlyCount "73"]
[EventDate "2023.03.03"]
[EventType "swiss"]
[EventRounds "9"]
[EventCountry "VIE"]
[SourceTitle "EXT 2024"]
[Source "ChessBase"]
[SourceDate "2023.10.10"]
[SourceVersion "1"]
[SourceVersionDate "2023.10.10"]
[SourceQuality "1"]

1. d4 g6 2. e4 Bg7 3. Nf3 d6 4. h3 Nf6 5. Bd3 0-0 6. 0-0 Nc6 7. Re1 e5 8. c3 Nd7 9. Bg5 f6 10. Bh4 Kh8 11. a4 Ne7 12. Nbd2 a5 13. Nc4 b6 14. Qd2 Bb7 15. b4 Nc6 16. b5 Ne7 17. Ne3 exd4 18. cxd4 d5 19. exd5 Bh6 20. Qa2 Bxe3 21. fxe3 Nxd5 22. e4 Nb4 23. Qd2 Qe7 24. Rac1 Rac8 25. Bb1 c6 26. e5 Qg7 27. e6 Nb8 28. bxc6 Bxc6 29. d5 Nxd5 30. Rxc6 Nxc6 31. Qxd5 Qe7 32. Qd7 Kg7 33. Ne5 Rfd8 34. Qxe7+ Nxe7 35. Nd7 g5 36. Bf2 Rc6 37. Bd4 1-0

[Event "Hanoi op"]
[Site "Hanoi"]
[Date "2022.08.28"]
[Round "8"]
[White "Nguyen, Phuoc Tam"]
[Black "Dau, Khuong Duy"]
[Result "1/2-1/2"]
[WhiteElo "2206"]
[BlackElo "1937"]
[PlyCount "84"]
[EventDate "2022.08.20"]
[EventType "swiss"]
[EventRounds "9"]
[EventCountry "VIE"]
[SourceTitle "CBM 209 Extra"]
[Source "ChessBase"]
[SourceDate "2022.09.30"]
[SourceVersion "1"]
[SourceVersionDate "2022.09.30"]
[SourceQuality "1"]

1. Nf3 Nf6 2. g3 g6 3. b3 Bg7 4. Bb2 0-0 5. Bg2 c5 6. 0-0 Nc6 7. d3 d5 8. Ne5 Nxe5 9. Bxe5 b6 10. a4 Bb7 11. a5 Qd7 12. a6 Bc6 13. Nd2 Ne8 14. Bxg7 Nxg7 15. d4 Qd6 16. Nf3 Ne6 17. e3 Bb5 18. Re1 Nc7 19. Qd2 Bxa6 20. e4 Bc8 21. exd5 cxd4 22. Qxd4 Bb7 23. c4 a5 24. Ng5 Ne8 25. Qe3 Rd8 26. Qxe7 Qxe7 27. Rxe7 Nd6 28. Ne4 Bc8 29. Nxd6 Rxd6 30. Be4 Bd7 31. Kg2 Rc8 32. Bd3 Kf8 33. Ree1 g5 34. Re5 h6 35. f4 gxf4 36. gxf4 Rf6 37. Kf3 Re8 38. Rxe8+ Kxe8 39. Rg1 Ke7 40. Rg8 Kd6 41. Rd8 Kc7 42. Rf8 Kd6 1/2-1/2

[Event "Hanoi op"]
[Site "Hanoi"]
[Date "2022.08.25"]
[Round "5"]
[White "Nguyen, Duc Hoa"]
[Black "Nguyen, Phuoc Tam"]
[Result "1/2-1/2"]
[WhiteElo "2365"]
[BlackElo "2206"]
[PlyCount "113"]
[EventDate "2022.08.20"]
[EventType "swiss"]
[EventRounds "9"]
[EventCountry "VIE"]
[SourceTitle "CBM 209 Extra"]
[Source "ChessBase"]
[SourceDate "2022.09.30"]
[SourceVersion "1"]
[SourceVersionDate "2022.09.30"]
[SourceQuality "1"]

1. e4 e5 2. Nf3 Nc6 3. Bc4 Bc5 4. 0-0 Nf6 5. d4 Bxd4 6. Nxd4 Nxd4 7. f4 d6 8. fxe5 dxe5 9. Bg5 Qe7 10. c3 Ne6 11. Bxe6 Bxe6 12. Kh1 Rd8 13. Qa4+ Qd7 14. Qxa7 Qc6 15. Nd2 b6 16. Nf3 0-0 17. Bxf6 gxf6 18. Qa3 Bc4 19. Rfd1 Rxd1+ 20. Rxd1 Qxe4 21. Qe7 Qf4 22. Qxc7 Bxa2 23. Qxb6 Be6 24. Qf2 Rb8 25. Qd2 Qa4 26. b4 Kg7 27. h3 Qb3 28. Re1 Ra8 29. Re3 Ra2 30. Qe1 Qb2 31. Qg3+ Kf8 32. Kh2 Ke7 33. Rd3 Qe2 34. Nh4 Qe4 35. Rd1 Bd5 36. b5 Qxh4 37. Rxd5 Qc4 38. Rd1 Qxb5 39. Qg8 Qe8 40. Qxh7 Qa8 41. Qg7 Rc2 42. Qg4 Qc6 43. Rd3 e4 44. Rd4 Qc7+ 45. Qg3 Qxg3+ 46. Kxg3 f5 47. Rc4 Kf6 48. h4 e3 49. Kf3 e2 50. Kf2 e1Q+ 51. Kxe1 Rxg2 52. Rf4 Ke5 53. Rf2 Rg3 54. Kd2 Rh3 55. Re2+ Kd5 56. Re7 Rxh4 57. Rxf7 1/2-1/2

[Event "Hanoi op"]
[Site "Hanoi"]
[Date "2022.08.23"]
[Round "3"]
[White "Nguyen, Van Huy"]
[Black "Nguyen, Phuoc Tam"]
[Result "1/2-1/2"]
[WhiteElo "2343"]
[BlackElo "2206"]
[PlyCount "130"]
[EventDate "2022.08.20"]
[EventType "swiss"]
[EventRounds "9"]
[EventCountry "VIE"]
[SourceTitle "CBM 209 Extra"]
[Source "ChessBase"]
[SourceDate "2022.09.30"]
[SourceVersion "1"]
[SourceVersionDate "2022.09.30"]
[SourceQuality "1"]

1. d4 Nf6 2. c4 e6 3. Nf3 d5 4. Nc3 Be7 5. Bg5 0-0 6. e3 c6 7. Rc1 Nbd7 8. Bd3 h6 9. Bh4 Nh5 10. Bxe7 Qxe7 11. 0-0 dxc4 12. Bxc4 e5 13. a3 Nhf6 14. Ba2 e4 15. Nd2 Nb6 16. Qc2 Bf5 17. Ne2 Rad8 18. Qc5 Qd7 19. Qa5 Nfd5 20. Nc3 Rfe8 21. Nxd5 cxd5 22. Rc5 Re6 23. Rfc1 Rg6 24. Rc7 Qe6 25. Qxa7 Bh3 26. g3 Rf6 27. Bb1 Qg4 28. Re1 Rdd6 29. Qb8+ Kh7 30. Qxb7 Nd7 31. Qb5 Qf5 32. f3 Rb6 33. Qe2 Qh5 34. b4 g6 35. f4 Bg4 36. Qf2 Ra6 37. Rc3 Nb8 38. b5 Ra5 39. Rb3 Rb6 40. Bc2 Rbxb5 41. Ra1 Qf5 42. a4 Rxb3 43. Nxb3 Ra7 44. Nc5 Nd7 45. Nxd7 Qxd7 46. Qd2 h5 47. Bd1 Bxd1 48. Qxd1 Rb7 49. Qe2 Qc7 50. a5 Qc3 51. Ra2 Qc1+ 52. Kg2 Rb3 53. a6 Rxe3 54. Qf1 Re1 55. Qxe1 Qxe1 56. a7 e3 57. a8Q e2 58. Ra1 Qd2 59. Kh3 Qxd4 60. Qa5 Qe4 61. Qc7 Qe6+ 62. Kg2 e1Q 63. Rxe1 Qxe1 64. Qxf7+ Kh6 65. Qf8+ Kh7 1/2-1/2

[Event "Hanoi 08"]
[Site "Hanoi"]
[Date "2022.08.04"]
[Round "7"]
[White "Dao, Minh Nhat"]
[Black "Nguyen, Phuoc Tam"]
[Result "1/2-1/2"]
[WhiteElo "2269"]
[BlackElo "2206"]
[PlyCount "45"]
[EventDate "2022.08.01"]
[EventType "tourn"]
[EventRounds "9"]
[EventCountry "VIE"]
[SourceTitle "EXT 2023"]
[Source "ChessBase"]
[SourceDate "2022.10.05"]
[SourceVersion "1"]
[SourceVersionDate "2022.10.05"]
[SourceQuality "1"]

1. e4 e5 2. Nf3 Nc6 3. Bc4 Bc5 4. c3 Nf6 5. 0-0 d6 6. d4 exd4 7. cxd4 Bb6 8. h3 h6 9. Nc3 0-0 10. e5 dxe5 11. dxe5 Qxd1 12. Rxd1 Nh7 13. Bb5 Re8 14. a4 a6 15. Bxc6 bxc6 16. a5 Ba7 17. Be3 Bxe3 18. fxe3 Ng5 19. Nd4 c5 20. Nb3 Rb8 21. Nxc5 Rxb2 22. h4 Rc2 23. Ra3 1/2-1/2

[Event "Hanoi 08"]
[Site "Hanoi"]
[Date "2022.08.02"]
[Round "3"]
[White "Tran, Manh Tien"]
[Black "Nguyen, Phuoc Tam"]
[Result "1/2-1/2"]
[WhiteElo "2257"]
[BlackElo "2206"]
[PlyCount "40"]
[EventDate "2022.08.01"]
[EventType "tourn"]
[EventRounds "9"]
[EventCountry "VIE"]
[SourceTitle "EXT 2023"]
[Source "ChessBase"]
[SourceDate "2022.10.05"]
[SourceVersion "1"]
[SourceVersionDate "2022.10.05"]
[SourceQuality "1"]

1. d4 d5 2. c4 c6 3. e3 Nf6 4. Nc3 a6 5. Nf3 g6 6. b3 Bg7 7. Bb2 0-0 8. Be2 Bf5 9. 0-0 b5 10. a4 bxc4 11. bxc4 Nbd7 12. c5 e5 13. a5 Qc7 14. h3 h5 15. Na4 e4 16. Nh2 Be6 17. Nb6 Ra7 18. Nxd7 Bxd7 19. Bc3 Nh7 20. Rb1 f5 1/2-1/2

[Event "VIE-chT"]
[Site "Hanoi"]
[Date "2022.04.01"]
[Round "8.8"]
[White "Le, Quang Vinh"]
[Black "Nguyen, Phuoc Tam"]
[Result "0-1"]
[WhiteElo "1845"]
[BlackElo "2199"]
[PlyCount "92"]
[EventDate "2022.03.28"]
[EventType "swiss"]
[EventRounds "9"]
[EventCountry "VIE"]
[SourceTitle "EXT 2023"]
[Source "ChessBase"]
[SourceDate "2022.10.05"]
[SourceVersion "1"]
[SourceVersionDate "2022.10.05"]
[SourceQuality "1"]

1. f4 d6 2. Nf3 e5 3. fxe5 Nc6 4. exd6 Bxd6 5. e3 Nf6 6. Be2 Bg4 7. 0-0 Qd7 8. Nc3 0-0-0 9. d3 h5 10. e4 Bxf3 11. Bxf3 Ng4 12. g3 Nge5 13. Bf4 h4 14. g4 g5 15. Bxe5 Bxe5 16. h3 Nd4 17. Nd5 Ne6 18. c3 c6 19. d4 Bxd4+ 20. cxd4 cxd5 21. exd5 Nf4 22. Bg2 Qd6 23. Qf3 Kb8 24. Rae1 Rc8 25. Re4 Rhe8 26. Rxf4 gxf4 27. Qxf4 Qxf4 28. Rxf4 Rc1+ 29. Bf1 Kc7 30. g5 Kd6 31. Rxh4 Rg8 32. Rg4 Kxd5 33. Kf2 Rc2+ 34. Ke3 Rxb2 35. Bg2+ Kd6 36. h4 Rxa2 37. Bxb7 Rb2 38. Be4 a5 39. Rf4 Rh2 40. Kf3 a4 41. Kg3 Rd2 42. Rxf7 Rxd4 43. Bh7 Ra8 44. g6 a3 45. g7 a2 46. Rf1 Ra3+ 0-1

[Event "VIE-ch"]
[Site "Tinh Bac Giang"]
[Date "2022.02.28"]
[Round "9"]
[White "Cao, Sang"]
[Black "Nguyen, Phuoc Tam"]
[Result "1-0"]
[WhiteElo "2401"]
[BlackElo "2199"]
[PlyCount "77"]
[EventDate "2022.02.28"]
[EventType "swiss"]
[EventRounds "9"]
[EventCountry "VIE"]
[SourceTitle "CBM 207 Extra"]
[Source "ChessBase"]
[SourceDate "2022.05.31"]
[SourceVersion "1"]
[SourceVersionDate "2022.05.31"]
[SourceQuality "1"]

1. e4 g6 2. d4 Bg7 3. Nc3 d6 4. Be3 a6 5. Qd2 b5 6. f3 Bb7 7. h4 h5 8. Nh3 Nd7 9. Ng5 e6 10. a4 b4 11. Ne2 Rb8 12. Nf4 Ngf6 13. a5 e5 14. dxe5 Nxe5 15. Be2 0-0 16. 0-0 Qe7 17. Rfe1 c5 18. c4 Nc6 19. Bd3 Ne8 20. Nd5 Qd8 21. Qf2 Nd4 22. Kh1 Bc8 23. Bf4 Ne6 24. Nxe6 Bxe6 25. Bg5 f6 26. Be3 Bf7 27. Qg3 Nc7 28. Nf4 Kh7 29. Rad1 Qe8 30. e5 dxe5 31. Nxh5 Ne6 32. f4 f5 33. Nxg7 Kxg7 34. Bxf5 Qe7 35. fxe5 Nd4 36. Rxd4 cxd4 37. Bg5 Qe8 38. Bf6+ Kg8 39. Qg5 1-0

[Event "VIE-ch"]
[Site "Ho Chi Minh City"]
[Date "2021.03.30"]
[Round "9"]
[White "Nguyen, Phuoc Tam"]
[Black "Nguyen, Van Huy"]
[Result "1/2-1/2"]
[WhiteElo "2165"]
[BlackElo "2435"]
[PlyCount "106"]
[EventDate "2021.03.24"]
[EventType "swiss"]
[EventRounds "9"]
[EventCountry "VIE"]
[SourceTitle "EXT 2022"]
[Source "ChessBase"]
[SourceDate "2021.10.06"]
[SourceVersion "1"]
[SourceVersionDate "2021.10.06"]
[SourceQuality "1"]

1. c4 Nf6 2. g3 c6 3. Bg2 d5 4. cxd5 cxd5 5. Nf3 Nc6 6. 0-0 Bf5 7. Nc3 e6 8. d4 Be7 9. Ne5 Rc8 10. Nxc6 Rxc6 11. Bg5 0-0 12. Qd2 h6 13. Bf4 Qb6 14. a3 Rfc8 15. f3 Rc4 16. Be3 Qb3 17. Bf2 Bg6 18. Rfc1 b5 19. Bf1 R4c7 20. e3 b4 21. axb4 Bxb4 22. Be1 Ne8 23. Be2 Nd6 24. Bd1 Qc4 25. Be2 Qc6 26. Ra6 Qd7 27. Rca1 Rb7 28. Qd1 Nc4 29. Bxc4 Rxc4 30. Kg2 Be7 31. R1a2 Rc6 32. Qe2 h5 33. h4 Bf5 34. Bf2 Rxa6 35. Rxa6 Qc8 36. Ra2 Rc7 37. Qa6 Qxa6 38. Rxa6 Rb7 39. e4 dxe4 40. Nxe4 Rxb2 41. Rxa7 Bf6 42. Nxf6+ gxf6 43. Ra3 Kg7 44. Re3 Kg6 45. Re1 Bd3 46. Rc1 Bc2 47. d5 exd5 48. Bd4 Rb4 49. Bxf6 Bf5 50. Bc3 Ra4 51. Rd1 Ra3 52. Be1 Rd3 53. Rd2 Kf6 1/2-1/2

[Event "VIE-ch"]
[Site "Ho Chi Minh City"]
[Date "2021.03.28"]
[Round "7"]
[White "Tran, Tuan Minh"]
[Black "Nguyen, Phuoc Tam"]
[Result "1/2-1/2"]
[WhiteElo "2522"]
[BlackElo "2165"]
[PlyCount "73"]
[EventDate "2021.03.24"]
[EventType "swiss"]
[EventRounds "9"]
[EventCountry "VIE"]
[SourceTitle "EXT 2022"]
[Source "ChessBase"]
[SourceDate "2021.10.06"]
[SourceVersion "1"]
[SourceVersionDate "2021.10.06"]
[SourceQuality "1"]

1. d4 Nf6 2. c4 e6 3. Nc3 d5 4. Nf3 Be7 5. Bg5 0-0 6. e3 c6 7. Qd2 Nbd7 8. Bd3 dxc4 9. Bxc4 Nd5 10. Bxe7 Qxe7 11. 0-0 Nxc3 12. bxc3 b6 13. a4 Bb7 14. a5 c5 15. Qe2 e5 16. Bb5 exd4 17. cxd4 cxd4 18. Nxd4 Ne5 19. a6 Bc8 20. f4 Ng4 21. Bc6 Rb8 22. Bf3 Bd7 23. e4 Rbd8 24. Rfd1 Nh6 25. Rac1 Ba4 26. Rd3 Rc8 27. Ra1 Rc4 28. Qd2 Qc5 29. Kh1 Bc2 30. Nxc2 Rxc2 31. Qe1 Qc7 32. Qe3 Re8 33. Rad1 Qc8 34. Be2 Nf5 35. Qf2 g6 36. Qf1 Kg7 37. Bf3 1/2-1/2

[Event "VIE-ch"]
[Site "Ho Chi Minh City"]
[Date "2021.03.27"]
[Round "5"]
[White "Le, Minh Hoang"]
[Black "Nguyen, Phuoc Tam"]
[Result "0-1"]
[WhiteElo "2266"]
[BlackElo "2165"]
[PlyCount "70"]
[EventDate "2021.03.24"]
[EventType "swiss"]
[EventRounds "9"]
[EventCountry "VIE"]
[SourceTitle "EXT 2022"]
[Source "ChessBase"]
[SourceDate "2021.10.06"]
[SourceVersion "1"]
[SourceVersionDate "2021.10.06"]
[SourceQuality "1"]

1. e4 g6 2. d4 Bg7 3. c4 d6 4. Nc3 c5 5. d5 Nf6 6. Nf3 0-0 7. h3 e6 8. Bd3 exd5 9. cxd5 Na6 10. 0-0 Nc7 11. Re1 Rb8 12. a4 Na6 13. Bf4 Nb4 14. Bc4 Ne8 15. Qd2 a6 16. e5 dxe5 17. Bxe5 Bxe5 18. Rxe5 Nd6 19. b3 Qf6 20. Rae1 Bxh3 21. Ne4 Nxe4 22. R1xe4 Bf5 23. Rf4 b5 24. axb5 axb5 25. g4 bxc4 26. gxf5 Nd3 27. Rfe4 Nxe5 28. Nxe5 Rbe8 29. f4 cxb3 30. fxg6 hxg6 31. d6 Qf5 32. Rc4 Rxe5 33. fxe5 Qxe5 34. d7 b2 35. Qd1 Rd8 0-1

[Event "VIE-ch"]
[Site "Ho Chi Minh City"]
[Date "2021.03.26"]
[Round "4"]
[White "Nguyen, Phuoc Tam"]
[Black "Vo, Thanh Ninh"]
[Result "1/2-1/2"]
[WhiteElo "2165"]
[BlackElo "2365"]
[PlyCount "74"]
[EventDate "2021.03.24"]
[EventType "swiss"]
[EventRounds "9"]
[EventCountry "VIE"]
[SourceTitle "EXT 2022"]
[Source "ChessBase"]
[SourceDate "2021.10.06"]
[SourceVersion "1"]
[SourceVersionDate "2021.10.06"]
[SourceQuality "1"]

1. Nf3 Nf6 2. g3 g6 3. Bg2 Bg7 4. 0-0 0-0 5. d3 d6 6. c4 e5 7. Nc3 Nbd7 8. Rb1 a5 9. a3 Re8 10. e4 Nf8 11. b3 Bg4 12. h3 Bxf3 13. Bxf3 Ne6 14. Bg2 Nd4 15. Ne2 Nxe2+ 16. Qxe2 c6 17. Bb2 Nd7 18. Bc3 Nc5 19. h4 Ne6 20. Bh3 Nd4 21. Bxd4 exd4 22. Qc2 b6 23. a4 Re7 24. b4 axb4 25. Rxb4 c5 26. Rb5 Rea7 27. Rfb1 Rxa4 28. Rxb6 Bf8 29. Bg2 Ra2 30. R6b2 Rxb2 31. Qxb2 Ra7 32. Qe2 Qc7 33. Rb3 h5 34. Rb1 Rb7 35. Ra1 Qb8 36. Ra2 Ra7 37. Rb2 Rb7 1/2-1/2

[Event "VIE-ch op"]
[Site "Hanoi"]
[Date "2020.11.29"]
[Round "9"]
[White "Nguyen, Hoang Nam"]
[Black "Nguyen, Phuoc Tam"]
[Result "1/2-1/2"]
[WhiteElo "2333"]
[BlackElo "2334"]
[PlyCount "42"]
[EventDate "2020.11.23"]
[EventType "swiss"]
[EventRounds "9"]
[EventCountry "VIE"]
[SourceTitle "CBM 199 Extra"]
[Source "ChessBase"]
[SourceDate "2021.01.31"]
[SourceVersion "1"]
[SourceVersionDate "2021.01.31"]
[SourceQuality "1"]

1. e4 g6 2. d4 Bg7 3. c4 d6 4. Nc3 Nf6 5. Nf3 0-0 6. Be2 c5 7. 0-0 cxd4 8. Nxd4 Nc6 9. Be3 Bd7 10. Qd2 Nxd4 11. Bxd4 Bc6 12. f3 Nd7 13. Be3 a5 14. Rab1 Nc5 15. b3 Qb6 16. Rfc1 Rfc8 17. Kh1 Qd8 18. Bd1 h5 19. a3 Kh7 20. b4 axb4 21. axb4 Ne6 1/2-1/2

[Event "VIE-ch op"]
[Site "Hanoi"]
[Date "2020.11.28"]
[Round "8"]
[White "Nguyen, Phuoc Tam"]
[Black "Vo, Pham Thien Phuc"]
[Result "1/2-1/2"]
[WhiteElo "2334"]
[BlackElo "2330"]
[PlyCount "166"]
[EventDate "2020.11.23"]
[EventType "swiss"]
[EventRounds "9"]
[EventCountry "VIE"]
[SourceTitle "CBM 199 Extra"]
[Source "ChessBase"]
[SourceDate "2021.01.31"]
[SourceVersion "1"]
[SourceVersionDate "2021.01.31"]
[SourceQuality "1"]

1. f4 Nf6 2. Nf3 g6 3. g3 Bg7 4. Bg2 0-0 5. 0-0 d5 6. d3 c5 7. c3 b6 8. Ne5 Bb7 9. Nd2 Nc6 10. Ndf3 Nd7 11. d4 f6 12. Nxc6 Bxc6 13. f5 gxf5 14. Nh4 e6 15. Be3 cxd4 16. cxd4 Qe7 17. Qb3 Kh8 18. Bd2 Rfc8 19. a4 a5 20. Rac1 Qd8 21. Rf3 Nf8 22. Rfc3 Bd7 23. Bf4 Rxc3 24. Rxc3 Rc8 25. Rxc8 Bxc8 26. Qc3 Bd7 27. Bc7 Qc8 28. Bxb6 Qxc3 29. bxc3 Bxa4 30. Bxa5 Bb5 31. Kf2 Nd7 32. Nf3 Kg8 33. Nd2 Kf7 34. Bf3 Bf8 35. Bh5+ Ke7 36. Nb3 Bc4 37. Na1 Ba6 38. Nc2 Bc8 39. Nb4 Bh6 40. Nd3 Kf8 41. Nb4 Bb7 42. e3 Nb8 43. Bc7 Nc6 44. Bd6+ Kg8 45. Nxc6 Bxc6 46. Be7 Kg7 47. Ke2 Bb5+ 48. Kd2 Bc6 49. Bd8 Bb5 50. Bc7 Kf8 51. Bf4 Bg5 52. h4 Bxf4 53. gxf4 Ke7 54. Kc2 Kd6 55. Kb3 h6 56. Kb4 Bd3 57. Ka5 Kc7 58. Bf7 Kd6 59. Kb6 Be2 60. Kb7 Kd7 61. Kb6 Kd6 62. Be8 Bd1 63. Bb5 Bf3 64. Kb7 Bd1 65. Kc8 Ke7 66. Kc7 Bf3 67. Bd3 Bd1 68. c4 dxc4 69. Bxc4 Bf3 70. Bb5 Bd5 71. Bc6 Bb3 72. e4 fxe4 73. Bxe4 f5 74. Bf3 Ba4 75. Be2 Bc2 76. Kc6 Be4+ 77. Kc5 Bc2 78. Bf3 Be4 79. Bd1 Bd5 80. Ba4 Ba2 81. Bc2 Kd7 82. d5 Bxd5 83. Bxf5 Ke7 1/2-1/2

[Event "VIE-ch op"]
[Site "Hanoi"]
[Date "2020.11.26"]
[Round "6"]
[White "Nguyen, Phuoc Tam"]
[Black "Tran, Quoc Dung"]
[Result "1/2-1/2"]
[WhiteElo "2334"]
[BlackElo "2342"]
[PlyCount "91"]
[EventDate "2020.11.23"]
[EventType "swiss"]
[EventRounds "9"]
[EventCountry "VIE"]
[SourceTitle "CBM 199 Extra"]
[Source "ChessBase"]
[SourceDate "2021.01.31"]
[SourceVersion "1"]
[SourceVersionDate "2021.01.31"]
[SourceQuality "1"]

1. Nf3 Nf6 2. c4 g6 3. b3 Bg7 4. Bb2 d6 5. g3 0-0 6. Bg2 e5 7. 0-0 Nbd7 8. d3 Re8 9. Nbd2 c6 10. e4 Nc5 11. Qc2 a5 12. a3 Qb6 13. Rab1 Bg4 14. Bc3 Qa7 15. h3 Bd7 16. b4 axb4 17. axb4 Na4 18. Ba1 Nh5 19. Kh2 b5 20. cxb5 cxb5 21. Nb3 Rac8 22. Qd2 Be6 23. Na5 Nf6 24. Rbc1 Bd7 25. Qa2 Bh6 26. Rxc8 Rxc8 27. d4 Nxe4 28. Qd5 Nec3 29. Qxd6 Bf8 30. Qxe5 Bxb4 31. Nb3 Be6 32. Nbd2 Bf8 33. Ne4 Nxe4 34. Qxe4 Nc3 35. Bxc3 Rxc3 36. Ng5 Bf5 37. Qd5 Qe7 38. h4 b4 39. Re1 Qf6 40. Re8 Rc8 41. Rxc8 Bxc8 42. Qa8 Bd7 43. Qd5 Be8 44. Qa8 Bd7 45. Qd5 Be8 46. Qa8 1/2-1/2

[Event "VIE-ch"]
[Site "Hanoi"]
[Date "2020.10.08"]
[Round "5"]
[White "Nguyen, Phuoc Tam"]
[Black "Nguyen, Duc Hoa"]
[Result "0-1"]
[WhiteElo "2185"]
[BlackElo "2406"]
[PlyCount "86"]
[EventDate "2020.10.05"]
[EventType "swiss"]
[EventRounds "9"]
[EventCountry "VIE"]
[SourceTitle "EXT 2022"]
[Source "ChessBase"]
[SourceDate "2021.10.06"]
[SourceVersion "1"]
[SourceVersionDate "2021.10.06"]
[SourceQuality "1"]

1. c4 e6 2. Nf3 d5 3. g3 Nf6 4. Bg2 Be7 5. 0-0 0-0 6. b3 c5 7. Bb2 Nc6 8. cxd5 exd5 9. d4 Ne4 10. dxc5 Bxc5 11. Nc3 Nxc3 12. Bxc3 d4 13. Bb2 Bg4 14. Rc1 Bb6 15. h3 Be6 16. Rxc6 bxc6 17. Nxd4 Bxd4 18. Bxd4 Qd7 19. Qa1 f6 20. Rc1 Rad8 21. Be3 Bd5 22. Qd4 Rfe8 23. Qc5 Re5 24. Rd1 Qb7 25. b4 Rd7 26. Bxd5+ Rexd5 27. Rxd5 Rxd5 28. Qc4 Qb5 29. Qe4 Kf7 30. Bc5 Re5 31. Qd4 h5 32. Qd7+ Kg8 33. a4 Qxa4 34. Qd8+ Kh7 35. Qd3+ f5 36. Qd4 Rxe2 37. Bf8 Re1+ 38. Kh2 Qa1 39. Qh4 Rh1+ 40. Kg2 Qf1+ 41. Kf3 Qd3+ 42. Kg2 Qd5+ 43. f3 Qd1 0-1